Guess the Country & Capital by Flag - Statistics

General Stats
  • This quiz has been taken 22 times
  • The average score is 193 of 392
Answer Stats
Picture Answer % Correct
Berlin
80%
Germany
80%
Italy
80%
Japan
80%
Mexico
80%
Mexico City
80%
Saudi Arabia
80%
Slovenia
80%
Sweden
80%
Vietnam
80%
Bangladesh
73%
Finland
73%
Latvia
73%
London
73%
Moscow
73%
Rome
73%
Russia
73%
Senegal
73%
Stockholm
73%
Switzerland
73%
Tokyo
73%
Tunisia
73%
United Kingdom
73%
United States
73%
Algeria
67%
Australia
67%
Austria
67%
Beirut
67%
Belgium
67%
Bern
67%
Bosnia and Herzegovina
67%
Brussels
67%
Canada
67%
Canberra
67%
Copenhagen
67%
Cuba
67%
Cyprus
67%
Dakar
67%
Denmark
67%
Dublin
67%
Egypt
67%
Estonia
67%
Fiji
67%
Hanoi
67%
Ireland
67%
Ivory Coast
67%
Jamaica
67%
Kyiv
67%
Lebanon
67%
Lesotho
67%
Liechtenstein
67%
Netherlands
67%
New Zealand
67%
North Macedonia
67%
Norway
67%
Oslo
67%
Ottawa
67%
Palau
67%
Paraguay
67%
Philippines
67%
Riga
67%
Romania
67%
Tunis
67%
Ukraine
67%
Washington D.C.
67%
Zimbabwe
67%
Albania
60%
Amsterdam
60%
Andorra
60%
Argentina
60%
Armenia
60%
Astana
60%
Asunción
60%
Bahamas
60%
Bahrain
60%
Belarus
60%
Brazil
60%
Bucharest
60%
Bulgaria
60%
Cairo
60%
China
60%
Chișinău
60%
Colombia
60%
Comoros
60%
Havana
60%
Helsinki
60%
Honduras
60%
India
60%
Kazakhstan
60%
Kenya
60%
Kiribati
60%
Kuala Lumpur
60%
Lisbon
60%
Luxembourg
60%
Luxembourg
60%
Madrid
60%
Malaysia
60%
Minsk
60%
Moldova
60%
Morocco
60%
New Delhi
60%
Panama
60%
Panama City
60%
Papua New Guinea
60%
Portugal
60%
Qatar
60%
Riyadh
60%
Sarajevo
60%
Seoul
60%
Seychelles
60%
Skopje
60%
Slovakia
60%
Sofia
60%
Solomon Islands
60%
South Africa
60%
South Korea
60%
Spain
60%
Sri Lanka
60%
Tanzania
60%
Thailand
60%
Tirana
60%
Tonga
60%
Turkey
60%
Uruguay
60%
Vatican City
60%
Vatican City
60%
Vienna
60%
Wellington
60%
Yerevan
60%
Algiers
53%
Andorra la Vella
53%
Ankara
53%
Bangkok
53%
Barbados
53%
Beijing
53%
Bhutan
53%
Bogotá
53%
Bolivia
53%
Brasilia
53%
Brunei
53%
Budapest
53%
Cameroon
53%
Cape Verde
53%
Central African Republic
53%
Chad
53%
Croatia
53%
Czech Republic
53%
Damascus
53%
Democratic Republic of the Congo
53%
Dhaka
53%
Doha
53%
Eswatini
53%
Ethiopia
53%
France
53%
Georgia
53%
Greece
53%
Hungary
53%
Iceland
53%
Indonesia
53%
Iran
53%
Israel
53%
Kingston
53%
Kosovo
53%
Kyrgyzstan
53%
Laos
53%
Lima
53%
Ljubljana
53%
Madagascar
53%
Manila
53%
Monaco
53%
Monaco
53%
Mongolia
53%
Montevideo
53%
Myanmar
53%
Nairobi
53%
Nigeria
53%
Paris
53%
Peru
53%
Poland
53%
Port Moresby
53%
Prague
53%
Pretoria/Cape Town/Bloemfontein
53%
Republic of the Congo
53%
Rwanda
53%
Saint Lucia
53%
Samoa
53%
Somalia
53%
Suriname
53%
Syria
53%
Taipei
53%
Taiwan
53%
Tajikistan
53%
Togo
53%
Ulaanbaatar
53%
Venezuela
53%
Warsaw
53%
Zagreb
53%
Zambia
53%
Abuja
47%
Addis Ababa
47%
Antigua and Barbuda
47%
Athens
47%
Azerbaijan
47%
Baghdad
47%
Baku
47%
Belgrade
47%
Botswana
47%
Bratislava
47%
Buenos Aires
47%
Burundi
47%
Cambodia
47%
Caracas
47%
Chile
47%
Costa Rica
47%
Dodoma
47%
Dominica
47%
Dominican Republic
47%
Dushanbe
47%
East Timor
47%
Eritrea
47%
Federated States of Micronesia
47%
Gambia
47%
Ghana
47%
Guyana
47%
Haiti
47%
Harare
47%
Iraq
47%
Jakarta
47%
La Paz/Sucre
47%
Libya
47%
Lithuania
47%
Malta
47%
Manama
47%
Marshall Islands
47%
Mauritania
47%
Mauritius
47%
Nauru
47%
N'Djamena
47%
Nepal
47%
Niger
47%
Pakistan
47%
Phnom Penh
47%
Pristina
47%
Rabat
47%
Reykjavík
47%
San José
47%
San Marino
47%
San Marino
47%
Santiago
47%
Serbia
47%
South Sudan
47%
Sri Jayawardenepura Kotte
47%
Tallinn
47%
Tbilisi
47%
Tegucigalpa
47%
Trinidad and Tobago
47%
Tuvalu
47%
Uganda
47%
Vanuatu
47%
Abu Dhabi
40%
Afghanistan
40%
Amman
40%
Angola
40%
Apia
40%
Ashgabat
40%
Belize
40%
Benin
40%
Bishkek
40%
Bridgetown
40%
Burkina Faso
40%
Dili
40%
Djibouti
40%
Ecuador
40%
El Salvador
40%
Equatorial Guinea
40%
Gabon
40%
Grenada
40%
Guinea
40%
Guinea-Bissau
40%
Islamabad
40%
Jerusalem
40%
Jordan
40%
Kabul
40%
Kuwait
40%
Kuwait City
40%
Liberia
40%
Malawi
40%
Mali
40%
Maseru
40%
Mozambique
40%
Namibia
40%
Nassau
40%
Naypyidaw
40%
Nicaragua
40%
Nicosia
40%
North Korea
40%
Paramaribo
40%
Port of Spain
40%
Saint Vincent and the Grenadines
40%
San Salvador
40%
Santo Domingo
40%
São Tomé and Príncipe
40%
Singapore
40%
Singapore
40%
Suva
40%
Tehran
40%
Tripoli
40%
Turkmenistan
40%
United Arab Emirates
40%
Uzbekistan
40%
Vaduz
40%
Valletta
40%
Vientiane
40%
Vilnius
40%
Yamoussoukro
40%
Yemen
40%
Antananarivo
33%
Bandar Seri Begawan
33%
Banjul
33%
Bissau
33%
Brazzaville
33%
Djibouti
33%
Guatemala
33%
Guatemala City
33%
Juba
33%
Kathmandu
33%
Kigali
33%
Kinshasa
33%
Libreville
33%
Lomé
33%
Luanda
33%
Maldives
33%
Malé
33%
Mbabane
33%
Mogadishu
33%
Montenegro
33%
Muscat
33%
Oman
33%
Podgorica
33%
Port-au-Prince
33%
Porto-Novo/Cotonou
33%
Praia
33%
Pyongyang
33%
Quito
33%
Roseau
33%
Saint Kitts and Nevis
33%
Sanaa
33%
São Tomé
33%
Sierra Leone
33%
St. John's
33%
Sudan
33%
Thimphu
33%
Victoria
33%
Windhoek
33%
Accra
27%
Asmara
27%
Belmopan
27%
Castries
27%
Georgetown
27%
Honiara
27%
Lusaka
27%
Majuro
27%
Managua
27%
Moroni
27%
Ngerulmud
27%
Niamey
27%
Nukuʻalofa
27%
Port Louis
27%
Port Vila
27%
South Tarawa
27%
Tashkent
27%
Yaoundé
27%
Bamako
20%
Bangui
20%
Ciudad de la Paz
20%
Conakry
20%
Freetown
20%
Funafuti
20%
Gaborone
20%
Kampala
20%
Khartoum
20%
Lilongwe
20%
Maputo
20%
Monrovia
20%
Nouakchott
20%
Ouagadougou
20%
Palikir
20%
Yaren
20%
Gitega
13%
Kingstown
13%
St. George's
13%
Basseterre
7%
No matching quizzes found
Score Distribution
Percent of People with Each Score
Percentile by Number Answered
Your Score History
You have not taken this quiz